000
00217nam a22001097a 4500
082
_a
621.815HAL
100
_a
Hall L
245
_a
Machine design
260
_a
Toyo
_b
McGrawa Hill
_c
1980
300
_a
344
942
_c
BK
999
_c
11792
_d
11792